| 000 | 00653nam a2200205Ia 4500 | ||
|---|---|---|---|
| 001 | 16091 | ||
| 003 | IVS | ||
| 005 | 20250626030618.0 | ||
| 008 | 211022s9999 xx 000 0 und d | ||
| 040 | _cIVS | ||
| 082 | _a746 AIM | ||
| 100 | _aAiman Yahya Nazir | ||
| 245 | 0 | _aOur are designers using the motifs of chawkandi and makli tomb, aware of its history and the significance of those motifs to the people of chawkandi and makli? | |
| 260 | _aKarachi | ||
| 260 | _bIndus Valley School | ||
| 260 | _c2014 | ||
| 300 | _a67 | ||
| 856 | _uhttps://drive.google.com/file/d/1L0uHxjQSD2Q2vOzsfS36fq9l3PDJJx2z/view?usp=sharing | ||
| 942 |
_cDISS _2ddc _n0 |
||
| 999 |
_c11941 _d11941 |
||